| Tag |
First Indicator |
Second Indicator |
Subfields |
| LEADER |
00000cam a2200000 i 4500 |
| 001 |
in00004084113 |
| 005 |
20200117110015.0 |
| 008 |
181025t20192019enk b 001 0 eng c |
| 010 |
|
|
|a 2018046335
|
| 020 |
|
|
|a 9781107097759
|q vol. 1
|
| 020 |
|
|
|a 1107097754
|q vol. 1
|
| 020 |
|
|
|a 9781107097780
|q vol. 2
|
| 020 |
|
|
|a 1107097789
|q vol. 2
|
| 020 |
|
|
|a 9781108677462
|q set
|q hardcover
|
| 020 |
|
|
|a 1108677460
|q set
|q hardcover
|
| 035 |
|
|
|a (OCoLC)on1074309260
|
| 040 |
|
|
|a DLC
|e rda
|c DLC
|d UtOrBLW
|
| 043 |
|
|
|a e------
|
| 049 |
|
|
|a TXAM
|
| 050 |
0 |
0 |
|a D359
|b .C226 2019
|
| 082 |
0 |
0 |
|a 190
|2 23
|
| 245 |
0 |
4 |
|a The Cambridge history of modern European thought /
|c edited by Warren Breckman, Peter E. Gordon.
|
| 264 |
|
1 |
|a Cambridge ;
|a New York :
|b Cambridge University Press,
|c [2019]
|
| 264 |
|
4 |
|c ©2019
|
| 300 |
|
|
|a 2 volumes ;
|c 24 cm.
|
| 336 |
|
|
|a text
|b txt
|2 rdacontent
|
| 337 |
|
|
|a unmediated
|b n
|2 rdamedia
|
| 338 |
|
|
|a volume
|b nc
|2 rdacarrier
|
| 504 |
|
|
|a Includes bibliographical references and index.
|
| 505 |
0 |
|
|a Volume I. The nineteenth century -- volume II. The twentieth century.
|
| 520 |
|
|
|a It is something of a truism that each age must work through the legacy of its predecessors. In the case of the nineteenth century, this obvious statement gains poignancy when one considers the novel challenges and possibilities of the eighteenth century, which was, after all, the age of the Enlightenment. In its many guises and national variations, the Enlightenment asserted provocative and epoch-making claims about the role of reason, science, and criticism vis a vis the traditional authority of religion, state and received knowledge. It drew new road maps for the conscious and reflexive reform of society and the betterment of people. At its core, it articulated a new emancipatory project, at once philosophical and political, chiefly oriented toward the ideal of individual autonomy. The cultural, social and political configuration that shaped the Enlightenment came to something of an end in the closing decade of the eighteenth century, partly through processes of internal critique but also, spectacularly, through the political collapse of the Old Regime. In the changed circumstances of the early nineteenth century, the Enlightenment fragmented into a multitude of contests over the meaning of its legacy.
|
| 651 |
|
0 |
|a Europe
|x Intellectual life
|y 19th century.
|0 http://id.loc.gov/authorities/subjects/sh85045729
|
| 651 |
|
0 |
|a Europe
|x Intellectual life
|y 20th century.
|0 http://id.loc.gov/authorities/subjects/sh85045730
|
| 650 |
|
0 |
|a Philosophy, European
|x History.
|0 http://id.loc.gov/authorities/subjects/sh2008109239
|
| 700 |
1 |
|
|a Breckman, Warren,
|d 1963-
|e editor.
|0 http://id.loc.gov/authorities/names/n98023069
|
| 700 |
1 |
|
|a Gordon, Peter Eli,
|e editor.
|0 http://id.loc.gov/authorities/names/n2002057766
|
| 945 |
|
|
|b 247339
|
| 947 |
|
|
|a A14850818585
|
| 947 |
|
|
|a A14850818577
|
| 948 |
|
|
|a cataloged
|b h
|c 2019/12/16
|d c
|e dmitchel
|f 8:30:20 am
|
| 994 |
|
|
|a 92
|b TXA
|
| 999 |
f |
f |
|s 389f032a-c9ce-39f5-8b6f-961527d01594
|i 0e83ddf4-456c-36ee-9513-4c6a368c137b
|t 0
|
| 952 |
f |
f |
|p normal
|a Texas A&M University
|b College Station
|c Sterling C. Evans Library
|d Evans: Library Stacks
|t 0
|e D359 .C226 2019
|h Library of Congress classification
|i unmediated -- volume
|k v.1
|m A14850818577
|
| 952 |
f |
f |
|p normal
|a Texas A&M University
|b College Station
|c Sterling C. Evans Library
|d Evans: Library Stacks
|t 0
|e D359 .C226 2019
|h Library of Congress classification
|i unmediated -- volume
|k v.2
|m A14850818585
|
| 998 |
f |
f |
|a D359 .C226 2019
|s 8 0 v.1-2
|t 0
|l Evans: Library Stacks
|